Вольтамперометрический анализ на определение ионов платины в минеральном сырье; Химия и химическая технология в XXI веке

Bibliografiske detaljer
Parent link:Химия и химическая технология в XXI веке.— 2016.— [С. 133-134]
Hovedforfatter: Устинова Э. М. Эльвира Маратовна
Corporate Authors: Национальный исследовательский Томский политехнический университет (ТПУ) Институт физики высоких технологий (ИФВТ) Кафедра общей химии и химической технологии (ОХХТ), Национальный исследовательский Томский политехнический университет (ТПУ) Институт природных ресурсов (ИПР) Кафедра геологии и разведки полезных ископаемых (ГРПИ)
Andre forfattere: Горчаков Э. В. Эдуард Владимирович
Summary:Заглавие с экрана
Sprog:russisk
Udgivet: 2016
Serier:Химия и химическая технология неорганических веществ и материалов
Fag:
Online adgang:http://earchive.tpu.ru/handle/11683/30878
Format: MixedMaterials Electronisk Book Chapter
KOHA link:https://koha.lib.tpu.ru/cgi-bin/koha/opac-detail.pl?biblionumber=618729

MARC

LEADER 00000naa2a2200000 4500
001 618729
005 20231225102320.0
035 |a (RuTPU)RU\TPU\conf\17115 
035 |a RU\TPU\conf\17114 
090 |a 618729 
100 |a 20160614d2016 k y0rusy50 ca 
101 0 |a rus 
102 |a RU 
105 |a y z 101zy 
135 |a drcn ---uucaa 
181 0 |a i  
182 0 |a b 
200 1 |a Вольтамперометрический анализ на определение ионов платины в минеральном сырье  |f Э. М. Устинова, Э. В. Горчаков 
203 |a Текст  |c электронный 
225 1 |a Химия и химическая технология неорганических веществ и материалов 
300 |a Заглавие с экрана 
320 |a [Библиогр.: с. 134 (4 назв.)] 
463 0 |0 (RuTPU)RU\TPU\conf\17060  |t Химия и химическая технология в XXI веке  |o материалы XVII Международной научно-практической конференции студентов и молодых ученых имени профессора Л.П. Кулёва, посвященной 120-летию Томского политехнического университета, 17–20 мая 2016 г., г. Томск  |f Национальный исследовательский Томский политехнический университет (ТПУ) ; Институт природных ресурсов (ИПР) ; Институт физики высоких технологий (ИФВТ) ; Физико-технический институт (ФТИ) ; Сибур-Холдинг  |v [С. 133-134]  |d 2016 
610 1 |a труды учёных ТПУ 
610 1 |a электронный ресурс 
610 1 |a интерметаллические соединения 
610 1 |a вольтамперометрическое определение 
610 1 |a электроосаждение 
610 1 |a графитовые электроды 
610 1 |a природные объекты 
700 1 |a Устинова  |b Э. М.  |c геолог, геохимик  |c старший преподаватель Томского политехнического университета, кандидат химических наук  |f 1987-  |g Эльвира Маратовна  |3 (RuTPU)RU\TPU\pers\29537  |9 14073 
701 1 |a Горчаков  |b Э. В.  |c российский геолог  |c научный сотрудник Томского политехнического университета  |f 1977-  |g Эдуард Владимирович  |3 (RuTPU)RU\TPU\pers\26198 
712 0 2 |a Национальный исследовательский Томский политехнический университет (ТПУ)  |b Институт физики высоких технологий (ИФВТ)  |b Кафедра общей химии и химической технологии (ОХХТ)  |3 (RuTPU)RU\TPU\col\21253 
712 0 2 |a Национальный исследовательский Томский политехнический университет (ТПУ)  |b Институт природных ресурсов (ИПР)  |b Кафедра геологии и разведки полезных ископаемых (ГРПИ)  |3 (RuTPU)RU\TPU\col\18660 
801 2 |a RU  |b 63413507  |c 20160705  |g RCR 
856 4 |u http://earchive.tpu.ru/handle/11683/30878 
942 |c BK